[Event "31st Benasque Open"]
[Site "Benasque ESP"]
[Date "2011.07.08"]
[Round "2"]
[White "Andriasian,Z"]
[Black "Herrera Reyes,J"]
[Result "1/2-1/2"]
[WhiteElo "2616"]
[BlackElo "2167"]

1.e4 c5 2.Nf3 e6 3.d4 cxd4 4.Nxd4 Nc6 5.Nc3 Qc7 6.f4 d6 7.Be3 a6 8.a4 Nf6
9.Be2 e5 10.Nb3 Be7 11.f5 Nb4 12.O-O Bd7 13.Bf3 d5 14.exd5 Bxf5 15.Rf2 Rd8
16.a5 Qc4 17.Bb6 O-O 18.Bxd8 Rxd8 19.Qe2 Qxe2 20.Rxe2 Bxc2 21.Nd2 Bd3 22.Rxe5 Bd6
23.Rae1 Nc2 24.R1e2  1/2-1/2

[Event "2nd Borloy Mem FSGM"]
[Site "Budapest HUN"]
[Date "2011.07.08"]
[Round "6.5"]
[White "Mihok,O"]
[Black "Balazs,G2"]
[Result "1/2-1/2"]
[WhiteElo "2457"]
[BlackElo "2383"]

1.e4 c5 2.Nf3 e6 3.d4 cxd4 4.Nxd4 Nc6 5.Nc3 Qc7 6.Be3 a6 7.Be2 Nf6 8.a3 b5
9.Nxc6 dxc6 10.f4 Bb7 11.O-O Rd8 12.Qe1 c5 13.e5 Nd7 14.Bf3 Bxf3 15.Rxf3 Be7
16.Qe2 Qc6 17.Bf2 c4 18.Rg3 g6 19.a4 O-O 20.Qe4 Qxe4 21.Nxe4 f5 22.exf6 Nxf6
23.Ng5 Nh5 24.Nxe6 Nxf4 25.Re3 Nxe6 26.Rxe6 Bf6 27.Rxf6 Rxf6 28.Bh4 Rfd6
29.Bxd8 Rxd8 30.axb5 axb5 31.Ra5 Rd2 32.Rxb5 Rxc2 33.Rb7 h5 34.h4 Kf8 35.Kh2 Ke8
36.Kg3 Rd2  1/2-1/2

[Event "5th Varna Open"]
[Site "Golden Sands BUL"]
[Date "2011.07.08"]
[Round "7"]
[White "Konstantinov,Alek"]
[Black "Imanly,Magrura Mahammad qizi"]
[Result "1-0"]
[WhiteElo "1869"]
[BlackElo "1600"]

1.e4 c5 2.Nf3 Nc6 3.Nc3 e6 4.d4 cxd4 5.Nxd4 g6 6.Nxc6 bxc6 7.Qd4 Qf6 8.e5 Qd8
9.Be3 Qc7 10.Ne4 Qa5+ 11.c3 Qd5 12.Nd6+ Bxd6 13.exd6 Qxd4 14.Bxd4 f6 15.f4 Kf7
16.Be2 Nh6 17.g4 Bb7 18.Rg1 Rhf8 19.O-O-O Kg8 20.c4 a5 21.h4 e5 22.fxe5 fxe5
23.Be3 Nf7 24.h5 gxh5 25.gxh5+ Kh8 26.Bg4 Ba6 27.b3 Bc8 28.Rdf1 Bb7 29.Bxd7 Nxd6
30.Rxf8+ Rxf8 31.Be6 Nf7 32.Rf1 Kg7 33.Bc5 Nd6 34.h6+ Kxh6 35.Rxf8 Ne4 36.Be3+ Kh5
37.Rg8 c5 38.Kd1 Nf6 39.Bf7+ Kh4 40.Bg5+  1-0

[Event "19th Klatovy Open"]
[Site "Klatovy CZE"]
[Date "2011.07.08"]
[Round "7"]
[White "Hausner,I"]
[Black "Kaderabek,J"]
[Result "1-0"]
[WhiteElo "2419"]
[BlackElo "2205"]

1.e4 c5 2.Nc3 Nc6 3.Nge2 e6 4.d4 cxd4 5.Nxd4 d6 6.Be3 Nf6 7.Bc4 Be7 8.Qe2 a6
9.O-O-O Qc7 10.Bb3 O-O 11.g4 Na5 12.g5 Nxb3+ 13.axb3 Nd7 14.Rhg1 b5 15.Qh5 b4
16.Nf5 Ne5 17.Nxe7+ Qxe7 18.Na4 Bb7 19.f4 Ng6 20.Qf3 Rac8 21.Nb6 Rc6 22.Rd2 Qc7
23.Qf2 a5 24.h4 Ne7 25.f5 Nc8 26.Na4 Ba6 27.h5 Bb5 28.Kb1 Bxa4 29.bxa4 Rc4
30.Qg2 exf5 31.exf5 Re8 32.Bd4 Qd7 33.g6 hxg6 34.hxg6 Qxf5 35.gxf7+  1-0

[Event "ch-CAN Youth U18"]
[Site "Richmond Hill CAN"]
[Date "2011.07.08"]
[Round "7"]
[White "Kleinman,Michael"]
[Black "Sapozhnikov,R"]
[Result "1/2-1/2"]
[WhiteElo "2221"]
[BlackElo "2295"]

1.e4 c5 2.Nf3 e6 3.Nc3 Nc6 4.d4 cxd4 5.Nxd4 Qc7 6.g3 a6 7.Bg2 Nf6 8.O-O Be7
9.Re1 d6 10.Nxc6 bxc6 11.e5 dxe5 12.Rxe5 O-O 13.Bf4 Qb7 14.Rb1 Nd5 15.Nxd5 exd5
16.Re1 Bf5 17.b4 Rad8 18.Bf1 Rfe8 19.Bd3 Bxd3 20.Qxd3 Qb5 21.Qb3 a5 22.bxa5 Qxa5
23.Qb7 Bc5 24.Kf1 Qxa2 25.Qxc6 Qc4+ 26.Kg2 Rf8 27.Qb5 Qxc2 28.Rb2 Qc4 29.Qxc4 dxc4  1/2-1/2

[Event "Lev Polugaevsky Mem"]
[Site "Samara RUS"]
[Date "2011.07.08"]
[Round "4"]
[White "Kovalenko,I"]
[Black "Geller,J"]
[Result "1/2-1/2"]
[WhiteElo "2567"]
[BlackElo "2535"]

1.e4 c5 2.Nf3 e6 3.d4 cxd4 4.Nxd4 Nc6 5.Nc3 Qc7 6.Be3 a6 7.Qd2 Nf6 8.O-O-O Be7
9.f3 O-O 10.g4 b5 11.g5 Nh5 12.Nce2 Rd8 13.Ng3 Nxd4 14.Bxd4 Nf4 15.h4 Bb7
16.Qc3 Qxc3 17.Bxc3 d5 18.Ba5 Re8 19.Kb1 Rac8 20.Bd2 Bd6 21.exd5 Bxd5 22.Ne4 Be5
23.Ba5 Re7 24.Rg1 Rd7 25.Bd3 Bd4 26.Rge1 Ng2 27.Rh1 Ne3 28.Rd2 Be5 29.h5 Nc4
30.Bxc4 bxc4 31.Rhd1 Bf4 32.Re2 h6 33.g6 fxg6 34.hxg6 Bc6 35.Rxd7 Bxd7 36.Bd2 Bxd2
37.Nxd2 c3 38.bxc3 Rxc3 39.Re5 Rc6 40.c4 Be8 41.c5 Bxg6+ 42.Kb2 Kf7 43.Nb3 Kf6
44.f4 Bf5 45.Re1 h5 46.Kc3 h4 47.Kc4 h3 48.Nd4 Rc8 49.c6 h2 50.Rh1 Be4 51.Rxh2 Bxc6
52.Nxc6 Rxc6+ 53.Kd4 Kf5 54.Rg2 Kxf4 55.Rxg7 Rd6+ 56.Kc5 Rd5+ 57.Kb6 Rd4
58.Rf7+ Ke4 59.Rf2 Ke3 60.Rh2 Rd6+ 61.Kc5 Rd5+ 62.Kb6 a5 63.a4 Kd3 64.Rh1 Re5
65.Rb1 Kc4 66.Kc6 Re2 67.Rb5 e5 68.Rxa5 Kb4 69.Ra8 Ra2 70.Kd5  1/2-1/2

[Event "SPA Open A"]
[Site "Amsterdam NED"]
[Date "2011.07.09"]
[Round "1"]
[White "Nijboer,F"]
[Black "Brink,B"]
[Result "1-0"]
[WhiteElo "2546"]
[BlackElo "2204"]

1.e4 c5 2.Nf3 e6 3.Nc3 Nc6 4.d4 cxd4 5.Nxd4 Qc7 6.f4 a6 7.Nxc6 dxc6 8.e5 f5
9.a4 Ne7 10.a5 Nd5 11.Bd2 Bb4 12.Nxd5 Bxd2+ 13.Qxd2 exd5 14.Be2 Be6 15.O-O O-O
16.Bf3 Rfd8 17.c3 Rd7 18.b4 Kh8 19.Qd4 Rc8 20.Qc5 Qd8 21.Rfd1 h6 22.Rd2 Qe8
23.Rf1 Rcd8 24.Rd4 Kh7 25.Bd1 Kh8 26.Bc2 Qf7 27.Rfd1 Qe8 28.R4d2 Qf7 29.h3 h5
30.Kh2 Qg6 31.Qf2 Qf7 32.Qh4 g6 33.Qg5 Kg7 34.Qg3 Qe7 35.Qf2 Rc7 36.Bb3 Rcd7
37.Rd3 Kh6 38.R1d2 Qf8 39.Bd1 Qe7 40.Be2 Kg7 41.Rg3 Rh8 42.Rg5 Rh6 43.Kg1 Kf7
44.Qg3 h4 45.Qf2 Ke8 46.Kh2 Bf7 47.Bf3 Kf8 48.Qb6 Be6 49.Rd3 Qd8 50.Qf2 Qe7
51.Bd1 Bf7 52.Qd4 Be6 53.Bf3 Kg7 54.Rd1 Kh7 55.g3 hxg3+ 56.Kxg3 Kh8 57.h4 Qh7
58.Rh1 Qe7 59.Kf2 Qf8 60.Kg3 Rg7 61.Qb6 Qe7 62.Qa7 Kh7 63.Kf2 Qc7 64.Qc5 Qe7
65.Qxe7 Rxe7 66.Ke3 Kg8 67.h5 Kg7 68.Kd4 Bf7 69.Kc5 Rd7 70.Rhg1 Rh8 71.Rxf5  1-0

[Event "SPA Open A"]
[Site "Amsterdam NED"]
[Date "2011.07.09"]
[Round "1"]
[White "Schroer,M"]
[Black "Klein,Da"]
[Result "0-1"]
[WhiteElo "2116"]
[BlackElo "2366"]

1.e4 c5 2.Nf3 e6 3.d4 cxd4 4.Nxd4 Nc6 5.Nc3 Qc7 6.Be3 a6 7.Bd3 Nf6 8.O-O Nxd4
9.Bxd4 Bc5 10.Bxc5 Qxc5 11.Qf3 O-O 12.Rad1 e5 13.Qg3 d6 14.Rd2 Be6 15.Rfd1 Qb4
16.Bf1 Rac8 17.a3 Qb6 18.Qe3 Qxe3 19.fxe3 Rxc3 20.bxc3 Nxe4 21.Rxd6 Nxd6
22.Rxd6 Rc8 23.Rb6 Rc7 24.c4 Kf8 25.c5 Rxc5 26.Rxb7 Ra5 27.Rb6 Rxa3 28.Bxa6 Rxe3
29.Bd3 Re1+ 30.Kf2 Rh1 31.h3 h5 32.Rb5 f6 33.Bg6 Rd1 34.Rb8+ Ke7 35.Rb7+ Kd6
36.Rxg7 Rd2+ 37.Kg3 h4+ 38.Kxh4 Rxg2 39.Kh5 Bf5 40.Kh6 Rxg6+ 41.Rxg6 Bxg6  0-1

[Event "10th La Fere Open"]
[Site "La Fere FRA"]
[Date "2011.07.09"]
[Round "9.13"]
[White "Pingue,R"]
[Black "Hutin,E"]
[Result "1-0"]
[WhiteElo "1989"]
[BlackElo "1923"]

1.e4 c5 2.Nf3 e6 3.d4 cxd4 4.Nxd4 Nc6 5.Nc3 Qc7 6.Be3 Nf6 7.Bd3 a6 8.O-O Be7
9.Kh1 O-O 10.f4 d6 11.Qf3 Bd7 12.Rae1 Nxd4 13.Bxd4 e5 14.Be3 Bc6 15.Nd5 Nxd5
16.exd5 Bb5 17.c4 Bd7 18.fxe5 dxe5 19.c5 Qa5 20.d6  1-0

[Event "ch-Central Serbia Int Open B"]
[Site "Paracin SRB"]
[Date "2011.07.09"]
[Round "3.7"]
[White "Antonijevic,Milutin"]
[Black "Jovic,B"]
[Result "1/2-1/2"]
[WhiteElo "1845"]
[BlackElo "1981"]

1.e4 c5 2.Nf3 e6 3.Nc3 Nc6 4.d4 cxd4 5.Nxd4 Qc7 6.Ndb5 Qb8 7.Be3 a6 8.Nd4 Nf6
9.Qd2 Bb4 10.Bd3 O-O 11.a3 Be7 12.Na4 Qc7 13.Nxc6 bxc6 14.Nb6 Rb8 15.Nxc8 Qxc8
16.b3 e5 17.f3 d5 18.exd5 cxd5 19.O-O e4 20.fxe4 dxe4 21.Bc4 Ng4 22.Kh1 Bf6
23.Rab1 Rd8 24.Qe2 Nxe3 25.Qxe3 Qc6 26.Rbd1 a5 27.Qa7 Qb7 28.Qxa5 Rxd1 29.Rxd1 Ra8
30.Qb4 Qxb4 31.axb4 Ra1 32.Rxa1 Bxa1 33.Kg1 Kf8 34.Kf2 Bd4+ 35.Ke2 Ke7 36.Kd2 f5
37.c3 Be5 38.h3 Kd6 39.Be2 g5 40.c4 Kc6 41.Bh5 f4 42.Bg4 Bd6 43.c5 Be5 44.Be2 Bd4
45.Kc2 Be5 46.Kd2 Bd4 47.Kc2 Be5 48.Kd2 Bd4 49.Kc2 Be5 50.Kd2 Bd4 51.Kc2 Be5  1/2-1/2

[Event "ch-Central Serbia Int Open A"]
[Site "Paracin SRB"]
[Date "2011.07.09"]
[Round "3.19"]
[White "Nestorovic,L"]
[Black "Cvetanovic,U"]
[Result "1/2-1/2"]
[WhiteElo "2428"]
[BlackElo "2232"]

1.e4 c5 2.Nf3 e6 3.d4 cxd4 4.Nxd4 Nc6 5.Nc3 Qc7 6.Be2 Nf6 7.O-O a6 8.Be3 b5
9.Nxc6 dxc6 10.f4 e5 11.fxe5 Qxe5 12.Bf4 Bc5+ 13.Kh1 Qd4 14.e5 Nd5 15.Nxd5 cxd5
16.c3 Qxd1 17.Rfxd1 Be6 18.b4 Be7 19.a4 Rb8 20.axb5 axb5 21.Ra5 O-O 22.Rxb5 Rxb5
23.Bxb5 Rc8 24.Rd3 Bf5 25.Rxd5 Rxc3 26.Bd2 Rc2 27.Kg1 Be6 28.Rd4 f6 29.exf6 Bxf6
30.Rd6 Kf7 31.Be3 Rb2 32.Bc5 Bf5 33.Bc4+ Kg6 34.Bd3 Bxd3 35.Rxd3 Kf5 36.g3 Kg4
37.Rd5 Kf3 38.Rf5+ Kg4 39.Rf2 Rb1+ 40.Kg2 Bc3 41.Rf4+ Kh5 42.Kf3 g5 43.Rf7 Rf1+
44.Bf2 Kg6 45.Kg2 Kxf7 46.Kxf1 Bxb4  1/2-1/2

[Event "6th Polonia Wroclaw Open A"]
[Site "Wroclaw POL"]
[Date "2011.07.09"]
[Round "8"]
[White "Dragun,K"]
[Black "Macieja,B"]
[Result "0-1"]
[WhiteElo "2428"]
[BlackElo "2612"]

1.e4 c5 2.Nf3 e6 3.d4 cxd4 4.Nxd4 Nc6 5.Nc3 Qc7 6.Be3 Nf6 7.Be2 Be7 8.O-O O-O
9.f4 d6 10.Kh1 Nxd4 11.Bxd4 e5 12.Be3 b6 13.Bd3 Bb7 14.Qf3 Rae8 15.Nb5 Qb8
16.c4 a6 17.Nc3 exf4 18.Bxf4 Nd7 19.Qh3 Ne5 20.Bxe5 dxe5 21.Nd5 Bc8 22.Qg3 Be6
23.Be2 Kh8 24.Bg4 Bc5 25.Rf3 b5 26.Qh4 Qd8 27.Nf6 h6 28.Qh3 Bxg4 29.Nxg4 Qd2
30.cxb5 axb5 31.Raf1 Re6 32.Rf5 Qe2 33.Qc3 Bd4 34.Qf3 Qxf3 35.R5xf3 Rc6 36.Rb3 Rfc8
37.h4 Rc1 38.Rxc1 Rxc1+ 39.Kh2 Re1 40.Kg3 Rxe4 41.Rxb5 f5 42.Nf2 f4+ 43.Kf3 Re3+
44.Kg4 Rg3+  0-1

[Event "6th Polonia Wroclaw Open A"]
[Site "Wroclaw POL"]
[Date "2011.07.09"]
[Round "8"]
[White "Iwanow,A"]
[Black "Dobrowolski,A"]
[Result "0-1"]
[WhiteElo "2162"]
[BlackElo "2306"]

1.e4 c5 2.Nf3 Nc6 3.d4 cxd4 4.Nxd4 e6 5.Nc3 a6 6.Be3 Nf6 7.Bd3 Qc7 8.O-O Nxd4
9.Bxd4 Bc5 10.Bxc5 Qxc5 11.Qe2 d6 12.Rae1 O-O 13.Kh1 b5 14.f4 e5 15.Nd5 Nxd5
16.exd5 exf4 17.Rxf4 g6 18.c4 Bd7 19.Qf3 bxc4 20.Rxc4 Qa5 21.Rf1 Bb5 22.Rf4 Bxd3
23.Qxd3 Qxa2 24.b4 Rae8 25.Rf6 Rd8 26.Qf3 Rd7 27.Qg4 Qa4 28.h4 Rb7 29.R1f4 Rxb4
30.h5 Qa1+ 31.Kh2 Qxf6 32.Rxb4 Qe5+ 33.Kh3 Qxd5 34.hxg6 hxg6 35.Qd4 Qxd4
36.Rxd4 Rd8 37.Ra4 Ra8 38.Rd4 a5 39.Rxd6 a4 40.Rd2 a3 41.Ra2 Ra4 42.Kg3 Kg7
43.Kf3 Kf6 44.Ke3 Kg5 45.Kf3 f5 46.Kg3 Kf6  0-1

[Event "SPA Open A"]
[Site "Amsterdam NED"]
[Date "2011.07.10"]
[Round "2"]
[White "Tan,Jo NED"]
[Black "Volkers,A"]
[Result "1-0"]
[WhiteElo "2153"]
[BlackElo "2046"]

1.e4 c5 2.Nf3 e6 3.d4 cxd4 4.Nxd4 Nc6 5.Nc3 Qc7 6.Be3 a6 7.Bd3 Nf6 8.O-O Ne5
9.h3 Bc5 10.Kh1 d6 11.Qe2 b5 12.f4 Ng6 13.Rad1 Qa7 14.b4 Bb6 15.Bxb5+ axb5
16.Ndxb5 Qb8 17.Nxd6+ Ke7 18.e5 Nd7 19.f5 Ngxe5 20.fxe6 Kxe6 21.Bxb6 Qxb6
22.Nxf7 Rf8 23.Ng5+  1-0

[Event "SPA Open A"]
[Site "Amsterdam NED"]
[Date "2011.07.10"]
[Round "2"]
[White "De Roode,M"]
[Black "Overeem,M"]
[Result "1/2-1/2"]
[WhiteElo "2098"]
[BlackElo "2158"]

1.e4 c5 2.Nf3 e6 3.d4 cxd4 4.Nxd4 Nc6 5.Nc3 Qc7 6.Be3 a6 7.Qd2 Nf6 8.f3 Bb4
9.O-O-O Ne5 10.Nb3 b5 11.Qd4 Nc6 12.Qd2 Ne5 13.Qd4 Nc6 14.Qd2 Ne5 15.Qd4  1/2-1/2

[Event "10th Condom Open A"]
[Site "Condom FRA"]
[Date "2011.07.10"]
[Round "2.10"]
[White "Kurayan,R"]
[Black "Lebraud,E"]
[Result "1-0"]
[WhiteElo "2303"]
[BlackElo "2022"]

1.e4 c5 2.Nf3 e6 3.d4 cxd4 4.Nxd4 Nc6 5.Nc3 Qc7 6.Be3 a6 7.Qd2 Nf6 8.f3 Bb4
9.g4 O-O 10.O-O-O b5 11.h4 Bb7 12.a3 Be7 13.h5 b4 14.axb4 Bxb4 15.g5 Ne8
16.g6 Nf6 17.gxh7+ Kxh7 18.Nxc6 dxc6 19.e5 Nd5 20.Qd3+ Kg8 21.Nxd5 cxd5 22.Bh3 Qc4
23.h6 Qa2 24.c3 d4 25.Rdg1 Rfc8 26.Rxg7+ Kf8 27.Bxd4 Bd5 28.Rhg1 Ke7 29.h7 Qa1+
30.Qb1 Qxb1+ 31.Kxb1 Bxf3 32.cxb4  1-0

[Event "St Pauli Open"]
[Site "Hamburg GER"]
[Date "2011.07.10"]
[Round "2.39"]
[White "Bildat,J"]
[Black "Hinrichs,Jan"]
[Result "1-0"]
[WhiteElo "2106"]
[BlackElo "1947"]

1.e4 c5 2.Nf3 Nc6 3.d4 cxd4 4.Nxd4 e6 5.Nc3 Bc5 6.Nb3 Bb6 7.Bf4 Nge7 8.Qd2 d5
9.exd5 Nxd5 10.Nxd5 exd5 11.O-O-O O-O 12.f3 Be6 13.Kb1 d4 14.Bd3 a5 15.Be4 Bxb3
16.cxb3 f5 17.Bxc6 bxc6 18.Be5 c5 19.Qd3 Ra7 20.Rhe1 Qd5 21.Bf4 Bc7 22.Re7 Rf7
23.Re8+ Rf8 24.Re7 Rf7 25.Re8+ Rf8 26.Rxf8+ Kxf8 27.Bxc7 Rxc7 28.Qb5 Rd7
29.Qxa5 f4 30.Qb5 g5 31.Re1 Qf5+ 32.Kc1 Re7 33.Qb8+ Kf7 34.Rxe7+ Kxe7 35.Qc7+ Kf6
36.Qd6+ Kf7 37.Qc7+ Kf6 38.Qc6+ Ke7 39.Kd2 h5 40.a4 g4 41.a5 h4 42.Qc7+ Kf6
43.Qd8+ Kf7 44.Qxh4 Qb1 45.Qh5+ Kf6 46.Qh6+ Ke7 47.Qg5+ Ke8 48.Qe5+ Kd7 49.Qd5+ Kc7
50.Qxc5+ Kb7 51.Qb6+ Kc8 52.Qxd4 Qh1 53.Qc5+ Kd7 54.Qf5+ Kd8 55.Qxg4 Qa1
56.Qg5+ Kd7 57.Qd5+ Ke7 58.Kc2 Qg1 59.Qb7+ Kf8 60.Qc8+ Kg7 61.Qg4+ Kh7 62.Qh5+ Kg7
63.Qg5+ Kh7 64.h4 Qe3 65.h5 Qe2+ 66.Kb1  1-0

[Event "Naantalin Open"]
[Site "Naantali FIN"]
[Date "2011.07.10"]
[Round "9"]
[White "Riihimaki,Pekka"]
[Black "Linden,L"]
[Result "1/2-1/2"]
[WhiteElo "1971"]
[BlackElo "1928"]

1.e4 c5 2.Nf3 e6 3.d4 cxd4 4.Nxd4 Nc6 5.Nc3 Qc7 6.Be2 a6 7.Be3 Nf6 8.O-O Bb4
9.Na4 Be7 10.Nxc6 bxc6 11.Nb6 Rb8 12.Nxc8 Qxc8 13.e5 Nd5 14.Bc1 O-O 15.c4 Nc7
16.b3 f6 17.Bb2 fxe5 18.Bxe5 Rd8 19.Bd3 d6 20.Bb2 g6 21.Qc2 Kf7 22.Rae1 Ne8
23.Re3 Bf6 24.Rh3 Kg7 25.Re1 Rb7 26.Rg3 Rf7 27.Bxf6+ Nxf6 28.h3 c5 29.Rge3 e5
30.Bf1 Ne8 31.g3 Nc7 32.Bg2 Ne6 33.Bd5 Nd4 34.Qe4 Re7 35.Kg2 Qf5 36.g4 Qxe4+
37.Bxe4 a5 38.Rb1 Rb8 39.Rd1 Ra7 40.Bd5 a4 41.bxa4 Rxa4 42.Rd2 Kf6 43.h4 h6
44.Rh3 Ne6 45.Bxe6 Kxe6 46.Rb3 Rd8 47.Rc2 Rf8 48.f3 Rf4 49.Rbc3 Rd4 50.a3 h5
51.Kg3 Rd1 52.Ra2 hxg4 53.fxg4 Rg1+ 54.Rg2 Ra1 55.Kh2 R1xa3 56.Rc1 Ra8 57.Rg3 Ra2+
58.Rg2 Rxg2+ 59.Kxg2 Rh8 60.Kg3 d5 61.cxd5+ Kxd5 62.Rd1+ Ke4 63.Re1+ Kd4
64.Rd1+ Ke3 65.Re1+ Kd4 66.Rd1+  1/2-1/2

[Event "8th South Wales Int"]
[Site "Penarth WLS"]
[Date "2011.07.10"]
[Round "3.8"]
[White "Rayner,F"]
[Black "Davis,Ashley J"]
[Result "1-0"]
[WhiteElo "2140"]
[BlackElo "1916"]

1.e4 c5 2.Nf3 Nc6 3.d4 cxd4 4.Nxd4 e6 5.Nc3 a6 6.Nxc6 bxc6 7.Bd3 d5 8.O-O Nf6
9.Bf4 Be7 10.Re1 O-O 11.e5 Ne8 12.Qh5 g6 13.Qh6 Ng7 14.Re3  1-0

[Event "3rd Magic Valley"]
[Site "Rodatychi UKR"]
[Date "2011.07.10"]
[Round "7"]
[White "Vetoshko,V"]
[Black "Petrenko,S"]
[Result "1-0"]
[WhiteElo "2212"]
[BlackElo "2209"]

1.e4 c5 2.Nf3 e6 3.d4 cxd4 4.Nxd4 Nc6 5.Nc3 a6 6.Be3 Qc7 7.Be2 Nf6 8.O-O Be7
9.f4 d6 10.Kh1 O-O 11.Qe1 Na5 12.Qg3 Nc4 13.Bc1 b5 14.f5 Kh8 15.a3 Qb6 16.Nb3 Bb7
17.Bxc4 bxc4 18.Be3 Qc7 19.Nd2 Rac8 20.Qh3 Qd7 21.Rad1 exf5 22.exf5 d5 23.Bd4 Qc6
24.Nf3 Rcd8 25.g4 Ne4 26.Ne5 Qe8 27.f6 Nxf6 28.g5 Nd7 29.Rxf7 Nxe5 30.g6  1-0

[Event "Lev Polugaevsky Mem"]
[Site "Samara RUS"]
[Date "2011.07.10"]
[Round "6"]
[White "Panarin,M"]
[Black "Papin,V"]
[Result "1/2-1/2"]
[WhiteElo "2503"]
[BlackElo "2565"]

1.e4 c5 2.Nf3 Nc6 3.d4 cxd4 4.Nxd4 e6 5.Nc3 Qc7 6.g3 a6 7.Bg2 d6 8.O-O Bd7
9.Re1 Be7 10.Nxc6 Bxc6 11.Qg4 h5 12.Qe2 h4 13.a4 hxg3 14.hxg3 Qa5 15.Bf4 Qh5
16.Qxh5 Rxh5 17.Rad1 Rd8 18.Bf3 Rh8 19.Rd3 Nf6 20.Red1 e5 21.Bg5 Ng8 22.Be3 Nf6
23.Bg5 Ng8 24.Be3 Nf6 25.Bg5  1/2-1/2

[Event "XIII Open"]
[Site "Torredembarra ESP"]
[Date "2011.07.10"]
[Round "9"]
[White "Abreu Delgado,A"]
[Black "Pogorelov,R"]
[Result "1-0"]
[WhiteElo "2479"]
[BlackElo "2430"]

1.e4 c5 2.Nf3 e6 3.d4 cxd4 4.Nxd4 Nc6 5.Nc3 Qc7 6.Be3 a6 7.Qd2 Nf6 8.O-O-O Bb4
9.f3 Ne5 10.Nb3 d5 11.Bd4 O-O 12.Kb1 dxe4 13.Qf4 Bd6 14.Nxe4 Nxe4 15.Qxe4 Ng6
16.h4 Bd7 17.c4 Bc6 18.Qe3 Bf4 19.Qc3 e5 20.Bf2 e4 21.Nd4 Be5 22.h5 Nf4 23.Qc1 Bxd4
24.Rxd4 Ne6 25.h6 g6 26.Rd2 exf3 27.gxf3 Bxf3 28.Rh3 Qf4 29.Rh4 Qe5 30.Bb6 Rac8
31.Bd3 Nc5 32.Bc2 Qf6 33.Bxc5 Rxc5 34.Rdh2 Bc6 35.Rf4 Qe7 36.a3 Re5 37.Qd2 Be4
38.Qc3 Bxc2+ 39.Rxc2 Re1+ 40.Ka2 Qe5 41.Rd4 Rh1 42.Re2 Qh8 43.Re7 Rf1 44.Rxb7 Qf6
45.Rb6 Qe5 46.Rd3 Qxc3 47.Rxc3 a5 48.c5 Rc8 49.c6 Rf6 50.b4 axb4 51.axb4 g5
52.Rb5 Kf8 53.Rbc5 Rxh6 54.b5 g4 55.b6 Rh2+ 56.Rc2 g3 57.b7 Re8 58.Rxh2 gxh2
59.Rc1  1-0

[Event "34th Aegean Open"]
[Site "Aghios Kirykos GRE"]
[Date "2011.07.11"]
[Round "3"]
[White "Skinke,K"]
[Black "Tsagaropoulos,Spyri"]
[Result "1-0"]
[WhiteElo "2242"]
[BlackElo "2018"]

1.e4 c5 2.Nf3 e6 3.d4 cxd4 4.Nxd4 Nc6 5.Nc3 Qc7 6.Be3 Nf6 7.Bd3 a6 8.a3 Be7
9.O-O Ne5 10.h3 d6 11.f4 Ng6 12.Qe1 O-O 13.Qg3 Re8 14.Rad1 b5 15.Rd2 Bd7
16.Qf2 Rab8 17.Nce2 Rf8 18.Rfd1 Qb7 19.Ng3 Rfc8 20.c3 a5 21.Qf1 Rc7 22.Kh1 Rcc8
23.Kh2 Rc7 24.Rf2 h5 25.Nb3 h4 26.Ne2 Nxe4 27.Nxa5 Qa8 28.Bxe4 Qxe4 29.Rf3 e5
30.b4 exf4 31.Bxf4 Nxf4 32.Nxf4 Be6 33.Re1 Qa8 34.Nxe6 fxe6 35.Rxe6 Rf8 36.Rfe3 Bf6
37.Qxb5 Be5+ 38.Kh1  1-0

[Event "XXXIV Open"]
[Site "Barbera del Valles ESP"]
[Date "2011.07.11"]
[Round "8"]
[White "Guix Torres,D"]
[Black "Balague Camps,M"]
[Result "0-1"]
[WhiteElo "2019"]
[BlackElo "2119"]

1.e4 c5 2.Nf3 e6 3.d4 cxd4 4.Nxd4 Nc6 5.Nc3 Qc7 6.Be3 a6 7.Qd2 Nf6 8.O-O-O Bb4
9.f3 Na5 10.Kb1 Bxc3 11.Qxc3 Qxc3 12.bxc3 d5 13.Bd3 dxe4 14.fxe4 Ng4 15.Bg1 Bd7
16.h3 Ne5 17.Nf3 Ng6 18.Bd4 f6 19.g3 Rc8 20.Rhf1 e5 21.Bb6 Nc4 22.Bf2 Bxh3
23.Rg1 Ke7 24.g4 Nf4 25.Rg3 h5 26.gxh5 Kf7 27.Rdg1 Rh7 28.Be1 Be6 29.Bxc4 Rxc4
30.Rh1 Rxh5 31.Rxh5 Nxh5 32.Nd2 Nxg3 33.Nxc4 Nxe4 34.Na5 b5 35.Nc6 g5 36.Nb8 Bc8
37.Nc6 g4  0-1

[Event "111th ch-SUI"]
[Site "Leukerbad SUI"]
[Date "2011.07.11"]
[Round "5"]
[White "Netzer,Je"]
[Black "Rindlisbacher,L"]
[Result "1-0"]
[WhiteElo "2409"]
[BlackElo "2245"]

1.e4 c5 2.Nf3 e6 3.d4 cxd4 4.Nxd4 Nc6 5.Nc3 d6 6.Be3 Nf6 7.Bc4 Be7 8.Qe2 Bd7
9.O-O-O a6 10.Bb3 O-O 11.Rhg1 Qc7 12.g4 Nxd4 13.Bxd4 Bc6 14.g5 Nd7 15.Qh5 Rfc8
16.g6 hxg6 17.Rxg6 Bf8 18.Rh6 gxh6 19.Rg1+  1-0

[Event "ch-Central Serbia Int Open A"]
[Site "Paracin SRB"]
[Date "2011.07.11"]
[Round "4.23"]
[White "Cvetanovic,U"]
[Black "Nikolov,Sas"]
[Result "0-1"]
[WhiteElo "2232"]
[BlackElo "2412"]

1.e4 c5 2.Nf3 e6 3.d4 cxd4 4.Nxd4 Nc6 5.Nc3 Qc7 6.Be3 a6 7.Be2 Nf6 8.O-O Be7
9.f4 d6 10.a4 O-O 11.Nb3 b6 12.Qe1 Rb8 13.g4 Re8 14.g5 Nd7 15.Qh4 Na5 16.Nd2 Bb7
17.Bd3 g6 18.Rf3 f5 19.Rh3 Nf8 20.Ne2 fxe4 21.Nxe4 Nc4 22.Bd4 e5 23.fxe5 dxe5
24.Bc3 b5 25.axb5 axb5 26.b4 Qb6+ 27.Kh1 Nd6 28.Ng3 Qe3 29.Rf1 Bxg5 30.Qg4 Bf4
31.Re1 Qb6 32.Nh5 Nxe4 33.Bxe4 Bxe4+ 34.Rxe4 Qc6 35.Qg2 Rbd8 36.Nxf4 exf4
37.Rxe8 Qxe8 38.Rd3 Rxd3 39.cxd3 Qd7 40.Qe4 Ne6 41.Qe5 Qc6+ 42.Kg1 Kf7 43.Qf6+ Ke8
44.Qh8+ Kd7 45.Qxh7+ Kd6 46.Qh8 Qb6+ 47.d4 Kd5 48.Qf6 Kc4 49.Kf1 Qc6 50.Kf2 Qd5
51.Ba1 Ng5 52.Qxg6 Qf3+ 53.Ke1 Qh1+ 54.Kd2 Ne4+ 55.Kc2 Qxh2+ 56.Kb1 Kd3 57.Bb2 f3
58.Qf5 Qc2+ 59.Ka2 Ke2 60.Qxb5+ Ke1  0-1

[Event "8th South Wales Int"]
[Site "Penarth WLS"]
[Date "2011.07.11"]
[Round "4.9"]
[White "Brown,Mart"]
[Black "Pickering,A"]
[Result "1-0"]
[WhiteElo "2130"]
[BlackElo "1897"]

1.e4 c5 2.Nf3 e6 3.d4 cxd4 4.Nxd4 Nc6 5.Nc3 Qc7 6.Be2 Nf6 7.O-O a6 8.Be3 Bb4
9.Na4 Be7 10.Nxc6 bxc6 11.Nb6 Rb8 12.Nxc8 Qxc8 13.Bd4 c5 14.Be5 Rb6 15.b3 Nxe4
16.Bxg7 Rg8 17.Bb2 c4 18.Bxc4 Qc6 19.f3 Bc5+ 20.Kh1 Nf2+ 21.Rxf2 Bxf2 22.Qe2 Bc5
23.a4 a5 24.Rd1 Qc7 25.Rd3 Rg5 26.Qe4 Rh5 27.f4 f5 28.Qf3 Rh4 29.g3 Rg4 30.h3 Rg6
31.Qe2 Qc6+ 32.Bd5 Qc7 33.Be5 Bd6 34.Bd4 Ra6 35.Rc3 Qd8 36.Qxa6 Bxf4 37.Rc8  1-0

[Event "Lev Polugaevsky Mem"]
[Site "Samara RUS"]
[Date "2011.07.11"]
[Round "7"]
[White "Polivanov,A"]
[Black "Kovalenko,I"]
[Result "0-1"]
[WhiteElo "2435"]
[BlackElo "2567"]

1.e4 c5 2.Nf3 e6 3.d4 cxd4 4.Nxd4 Nc6 5.Nc3 Qc7 6.Be2 Nf6 7.Be3 a6 8.a3 d6
9.g4 Nd7 10.f4 b5 11.Nxc6 Qxc6 12.Qd4 Bb7 13.O-O-O Rc8 14.g5 Nc5 15.Rd2 Qc7
16.Bf2 Bxe4 17.Re1 Bf5 18.a4 b4 19.Qxb4 Be7 20.Bxc5 dxc5 21.Qc4 O-O 22.Red1 Qb8
23.Bd3 Bxd3 24.Rxd3 Qb4 25.b3 Qxc4 26.bxc4 Rc7 27.Rd7 Rfc8 28.Ne4 Kf8 29.R1d3 f6
30.h4 Ke8 31.Rxc7 Rxc7 32.gxf6 gxf6 33.f5 exf5 34.Nd6+ Bxd6 35.Rxd6 Kf7 36.Rxa6 f4
37.Kd2 Rd7+ 38.Ke1 Rd4 39.Ra7+ Kg6 40.h5+ Kxh5 41.Rxh7+ Kg4 42.a5 Rxc4 43.Kd2 Ra4
44.Ra7 f3 45.a6 Kf4 46.Ke1 Ra1+ 47.Kf2 Ra2 48.Ra8 Rxc2+ 49.Kf1 Ra2 50.a7 f5
51.Kg1 c4 52.Kf1 Ra1+ 53.Kf2 c3 54.Rc8 Ra2+ 55.Kg1 Rxa7 56.Rxc3 Kg3 57.Rc1 Ra2
58.Rb1 Rg2+ 59.Kf1 Rh2  0-1

[Event "Pinnacle 48th COCC"]
[Site "Toronto CAN"]
[Date "2011.07.11"]
[Round "3"]
[White "Fu,James"]
[Black "Serbanescu,N"]
[Result "1-0"]
[WhiteElo "2051"]
[BlackElo "1829"]

1.e4 c5 2.Nf3 Nc6 3.Nc3 e6 4.d4 cxd4 5.Nxd4 a6 6.Be3 d5 7.exd5 exd5 8.Be2 Nf6
9.O-O Bb4 10.Na4 O-O 11.a3 Ba5 12.b4 Bc7 13.Nxc6 bxc6 14.Bf3 a5 15.c3 Ba6
16.Re1 Bc4 17.Nc5 axb4 18.cxb4 Be5 19.Bd4 Bxd4 20.Qxd4 Qc7 21.Be2 Bxe2 22.Rxe2 h6
23.f3 Rfe8 24.Rc2 Qe5 25.Nb3 Qe3+ 26.Qxe3 Rxe3 27.Na5 Rae8 28.Nxc6 Re1+ 29.Rxe1 Rxe1+
30.Kf2 Ra1 31.b5 Rxa3 32.Rb2 Rc3 33.Na7 Nd7 34.b6 Nb8 35.Nb5 Rc5 36.Ke3 Nc6
37.Nd4 Nb8 38.Nf5 Nc6 39.b7 Nb8 40.Kd4 Ra5 41.Rc2  1-0

[Event "XX Adolf Anderssen Memorial Open"]
[Site "Wroclaw POL"]
[Date "2011.07.11"]
[Round "6"]
[White "Kislov,M"]
[Black "Koziak,V"]
[Result "1-0"]
[WhiteElo "2330"]
[BlackElo "2484"]

1.e4 c5 2.Nf3 e6 3.d4 cxd4 4.Nxd4 Nc6 5.Nc3 Nf6 6.Ndb5 Bb4 7.a3 Bxc3+ 8.Nxc3 d5
9.exd5 exd5 10.Bd3 O-O 11.O-O Bg4 12.f3 Be6 13.Ne2 Qb6+ 14.Kh1 d4 15.Nf4 Rfe8
16.Re1 Bd7 17.b3 Qc7 18.Bd2 Ne5 19.Bf1 Bc6 20.Nd3 Nxd3 21.Bxd3 Nd5 22.Rxe8+ Rxe8
23.Qg1 Ne3 24.Re1 Qb6 25.Qf2 g6 26.Kg1 Re6 27.Qh4 Bd5 28.Qf4 a5 29.Kf2 Qc5
30.b4 Qc6 31.Qxd4 Nc4 32.Bc3 f6 33.Rxe6 Qxe6 34.bxa5 Ne5 35.Be4 Bc6 36.Qd8+ Kf7
37.Qc7+ Ke8 38.a6 Ng4+ 39.Kg3 f5 40.axb7 Bxb7 41.Bxb7  1-0